Types of Noise - Statistics

General Stats
  • This quiz has been taken 8 times
  • The average score is 4 of 7
Answer Stats
Hint Answer % Correct
A truly random series of frequencies or values White Noise
100%
Random values with greater amplitude at lower frequencies and lower amplitude at higher frequencies Brownian Noise
80%
Random values proportioned evenly on a logarithmic scale Pink Noise
80%
Random values with greater amplitude at higher frequencies and lower amplitude at lower frequencies Blue Noise
60%
Random values accounting for human bias in hearing Grey Noise
60%
Noise generated by dot products of a random grid Perlin Noise
20%
An alternative to the above that generates a gradient noise with less computational overhead Simplex Noise
20%
No matching quizzes found
Score Distribution
Percent of People with Each Score
Percentile by Number Answered
Your Score History
You have not taken this quiz